000 009470am a2200241 004500
003 EG-GiCUC
008 070603s1983 jo g 000 0 ara d
017 _a1983 / 1 / 13
_bالاردن.مديرية المكتبات و الوثائق الوطنية
040 _aEG-GiCUC
_bara
_cEG-GiCUC
050 4 _aZ712.
_bH3
092 0 4 _a025.6
_bH344
_221
099 _a04
_a025.6 H344
100 1 _aحسن: سعيد أحمد.
245 1 0 _aمئة سؤال عن خدمة الأعارة فى المكتبات /
_cتأليف سعيد احمد حسن.
246 2 4 _aمائة سؤال عن خدمة الأعارة فى المكتبات.
260 _aعمان : الأردن :
_bمكتبة المحتسب:
_c1983.
300 _a112 ص. ؛
_c21 سم.
505 0 _aشتمل على ارجاعات ببليوجلرافية (105-106).
650 7 _aالأعارة (مكتبات).
_2qrmak
902 _a1
905 _aشكرية
_eمدخل
942 _2ddc
_cBK
999 _c97058
_d97058